Rôles de Wolvesville par Images - 2 - Statistiques

Statistiques générales
  • Ce quiz a été pris 20 fois
  • Le résultat moyen est 13 sur 16
Statistiques - réponses
Par images Réponse % Correct
Détective
100%
Boucher
88%
Corrupteur
88%
Apprentie Voyante
81%
Astronome
81%
Gardien de Nuit
81%
Geôlier
81%
Loup-Confus
81%
Shérif
81%
Sirène
81%
Villageois Maudit
81%
Loup-Berserker
75%
Loup-Têtu
75%
Ritualiste
75%
Trappeur
75%
Potiroi de l'Épouvante
63%
Aucun quiz correspondant
Distribution des résultats
% des personnes avec chaque résultat
Percentile par nombre de réponses
Votre historique - résultats
Vous n’avez pas pris ce quiz